[Event "Muensterland Verbandsklasse-B 0910"]
[Site "Germany"]
[Date "2010.01.09"]
[Round "5.6"]
[White "Noering, Andreas"]
[Black "Gottkehaskamp, Philipp"]
[Result "1/2-1/2"]
[WhiteElo "1810"]
[BlackElo "1839"]
[PlyCount "100"]
[EventDate "2009.09.19"]
[EventType "team-tourn"]
[EventRounds "9"]
[EventCountry "GER"]
[SourceTitle "EXT 2011"]
[Source "ChessBase"]
[SourceDate "2010.11.26"]
[SourceVersion "1"]
[SourceVersionDate "2010.11.26"]
[SourceQuality "1"]
[WhiteTeam "Emsdetten Rochade"]
[BlackTeam "Muenster SK III"]
[WhiteTeamCountry "GER"]
[BlackTeamCountry "GER"]

1. e4 c5 2. Nf3 d6 3. d4 cxd4 4. Nxd4 Nf6 5. Nc3 a6 6. Be2 g6 7. Be3 Nbd7 8. Qd2 b5 9. f3 Bb7 10. 0-0 Bg7 11. Rfd1 0-0 12. a4 b4 13. Na2 d5 14. Nxb4 dxe4 15. Ndc6 Qe8 16. Na5 exf3 17. gxf3 Qc8 18. Nxb7 Qxb7 19. Nd5 Nxd5 20. Qxd5 Qxd5 21. Rxd5 Bxb2 22. Rb1 Nf6 23. Ra5 Bc3 24. Rc5 Rfc8 25. Rxc8+ Rxc8 26. Bxa6 Ra8 27. Bb5 Kg7 28. Rd1 e6 29. Rd3 Rc8 30. Bd2 Bxd2 31. Rxd2 Rc3 32. Kf2 Nd5 33. Ke2 Kf6 34. Kd1 Ke5 35. Rd3 Rxd3+ 36. cxd3 Nc3+ 37. Kc2 Nxb5 38. axb5 Kd5 39. Kb3 Kc5 40. Ka4 Kb6 41. Kb4 g5 42. Kc4 h5 43. d4 f5 44. d5 exd5+ 45. Kxd5 g4 46. fxg4 fxg4 47. Ke4 h4 48. Kf4 g3 49. hxg3 hxg3 50. Kxg3 Kc5 1/2-1/2

[Event "Muensterland Verbandsliga 0910"]
[Site "Germany"]
[Date "2009.12.12"]
[Round "4.7"]
[White "Tenhuendfeld, Bernd"]
[Black "Gottkehaskamp, Philipp"]
[Result "0-1"]
[WhiteElo "1775"]
[BlackElo "1839"]
[PlyCount "42"]
[EventDate "2009.09.26"]
[EventType "team-tourn"]
[EventRounds "9"]
[EventCountry "GER"]
[SourceTitle "EXT 2011"]
[Source "ChessBase"]
[SourceDate "2010.11.26"]
[SourceVersion "1"]
[SourceVersionDate "2010.11.26"]
[SourceQuality "1"]
[WhiteTeam "Ahaus Wessum"]
[BlackTeam "Muenster II"]
[WhiteTeamCountry "GER"]
[BlackTeamCountry "GER"]

1. d4 d5 2. c4 Nc6 3. Nc3 dxc4 4. d5 Ne5 5. Bf4 Ng6 6. Bg3 e5 7. e3 a6 8. Bxc4 Bd6 9. Nf3 Nf6 10. a4 0-0 11. 0-0 Qe7 12. Qc2 Nh5 13. e4 Nhf4 14. Rfe1 Bg4 15. Nd2 Qg5 16. Bf1 h5 17. Nc4 h4 18. Bxf4 Nxf4 19. Nxd6 Nxg2 20. f4 Nxf4 21. Qc1 Be2+ 0-1

[Event "Muensterland Verbandsliga 0910"]
[Site "Germany"]
[Date "2009.09.26"]
[Round "1.8"]
[White "Gottkehaskamp, Philipp"]
[Black "Ulunque Villazon, Humberto"]
[Result "1-0"]
[WhiteElo "1839"]
[BlackElo "1616"]
[PlyCount "75"]
[EventDate "2009.09.26"]
[EventType "team-tourn"]
[EventRounds "9"]
[EventCountry "GER"]
[SourceTitle "EXT 2011"]
[Source "ChessBase"]
[SourceDate "2010.11.26"]
[SourceVersion "1"]
[SourceVersionDate "2010.11.26"]
[SourceQuality "1"]
[WhiteTeam "Muenster II"]
[BlackTeam "Saerbeck"]
[WhiteTeamCountry "GER"]
[BlackTeamCountry "GER"]

1. e4 c5 2. Nf3 d6 3. g3 Nc6 4. Bg2 Nf6 5. d3 e6 6. 0-0 Be7 7. Re1 0-0 8. c3 e5 9. a4 Rb8 10. Nbd2 a5 11. Nc4 b5 12. axb5 Rxb5 13. Nfd2 Qc7 14. Nf1 Be6 15. Nfe3 Qb8 16. Nd5 Bd8 17. Qa4 Ne8 18. Na3 Na7 19. Nxb5 Qxb5 20. Qxb5 Nxb5 21. f4 f6 22. f5 Bxd5 23. exd5 Bb6 24. Be4 Nec7 25. Kg2 Ra8 26. Ra4 Kf7 27. Be3 Re8 28. Rc1 Rb8 29. b4 axb4 30. cxb4 Nd4 31. bxc5 dxc5 32. Bxd4 exd4 33. d6 Nb5 34. Bd5+ Kf8 35. d7 Nc7 36. Bc6 Ke7 37. Re1+ Kd6 38. Re8 1-0

[Event "Muensterland Verbandsklasse-A 0809"]
[Site "Germany"]
[Date "2009.05.02"]
[Round "9.4"]
[White "Gottkehaskamp, Philipp"]
[Black "Noering, Andreas"]
[Result "1-0"]
[WhiteElo "1839"]
[BlackElo "1802"]
[PlyCount "55"]
[EventDate "2008.09.13"]
[EventType "tourn"]
[EventRounds "9"]
[EventCountry "GER"]
[SourceTitle "EXT 2010"]
[Source "ChessBase"]
[SourceDate "2010.11.25"]
[SourceVersion "1"]
[SourceVersionDate "2010.11.25"]
[SourceQuality "1"]
[WhiteTeam "Muenster SK III"]
[BlackTeam "Emsdetten Rochade"]
[WhiteTeamCountry "GER"]
[BlackTeamCountry "GER"]

1. Nf3 c5 2. g3 g6 3. Bg2 Bg7 4. 0-0 Nf6 5. d3 0-0 6. e4 d6 7. Re1 Nc6 8. c3 Bg4 9. h3 Bd7 10. d4 cxd4 11. cxd4 Rc8 12. Nc3 a6 13. Be3 b5 14. Nd2 Na5 15. f4 Nc4 16. Nxc4 Rxc4 17. e5 dxe5 18. dxe5 Nh5 19. Bd5 Nxg3 20. Bxc4 bxc4 21. Qf3 Nf5 22. Bf2 Qc8 23. Rad1 Bc6 24. Qe2 Bb7 25. Kh2 Bh6 26. Qg4 Bg7 27. Nd5 h5 28. Qxf5 1-0